Cómo desarrollar el pensamiento matemático de los 0 a los 6 años: propuestas didácticas
Gespeichert in:
| 1. Verfasser: | |
|---|---|
| Format: | Buch |
| Sprache: | Spanisch |
| Veröffentlicht: |
Barcelona, España:
Octaedro S. L.,
2006
|
| Ausgabe: | 1a.ed. |
| Schriftenreihe: | Recursos Octaedro,
|
| Schlagworte: | |
| Tags: |
Tag hinzufügen
Keine Tags, Fügen Sie den ersten Tag hinzu!
|
MARC
| LEADER | 00000cam a2200000 a 4500 | ||
|---|---|---|---|
| 001 | UCC4528 | ||
| 003 | CL-VaPUC | ||
| 005 | 20241015150619.0 | ||
| 008 | 180810e20120000sp |||||||||||||||||spa|d | ||
| 999 | |c 445135 |d 445133 | ||
| 020 | |a 8480638397 | ||
| 040 | |c Pontificia Universidad Católica de Valparaíso | ||
| 082 | 0 | 4 | |a 372.7 ALS 2006 |2 21 |
| 100 | 0 | |a Alsina i Pastells, Angel |e author |9 598751 | |
| 245 | 1 | 0 | |a Cómo desarrollar el pensamiento matemático de los 0 a los 6 años: propuestas didácticas |
| 250 | |a 1a.ed. | ||
| 260 | |a Barcelona, España: |b Octaedro S. L., |c 2006 | ||
| 300 | |a 228 páginas. | ||
| 490 | 0 | |a Recursos Octaedro, |n 66 | |
| 500 | |a c.4 Donación Sr. Carlos Cabezas MEMO Nº4/2024 Biblioteca de Matemáticas 14-8-2024 | ||
| 583 | |a last modification |c 20180810 15:16:00 |k Cristina María Rojas Aguilar | ||
| 650 | 0 | |a Matemáticas |x Enseñanza |9 875527 | |
| 650 | 0 | |a Educación básica |9 224933 |x Métodos de enseñanza | |
| 650 | 7 | |a JUEGOS DIDACTICOS |2 CL-VaPUC |9 372975 | |
| 942 | |c BK |2 ddc | ||
| 945 | |d 20180810 15:16:00 |a dcastane | ||
| 952 | |0 0 |1 0 |2 ddc |4 0 |6 372_700000000000000_ALS_2006 |7 0 |8 A |9 596613 |a BIBMAT |b BIBMAT |d 2024-09-04 |e Donación |i 5662639 |o 372.7 ALS 2006 |p 5662639 |r 2025-01-07 |t 1 |w 2024-09-04 |y BK |k MAT | ||